Facultades de los jueces para morigerar las multas de la AFIP (Registro nro. 20119)

Detalles MARC
000 -LEADER
fixed length control field 00341 a2200109 4500
001 - CONTROL NUMBER
control field ART_43655
005 - DATE AND TIME OF LATEST TRANSACTION
control field 20260410161756.0
008 - FIXED-LENGTH DATA ELEMENTS--GENERAL INFORMATION
fixed length control field 260409a
100 1# - MAIN ENTRY--PERSONAL NAME
Personal name Sequeira, Marcos A.
245 10 - TITLE STATEMENT
Title Facultades de los jueces para morigerar las multas de la AFIP
773 0# - HOST ITEM ENTRY
Title Doctrina tributaria
Related parts - Nº 450 (sep. 2017)
Record control number REV4296

No hay ítems disponibles.